000 00895nac a22002897a 4500
001 BR8902131
003 BR-BrBNA
005 20240105120940.0
008 230509b bl.|||m| |||| 00| 0 por d
040 _aBR-BrBNA
_bpor
_cBiblioteca Nacional de Agricultura
072 _aC10; E20
090 _aC10 BR8902131
110 1 _aUniversidade Federal Rural do Rio de Janeiro, Itaguai (Brasil)
_911225
245 1 _aRelatorio anual da Universidade Federal Rural do Rio de Janeiro - 1986
260 3 _aItaguai, RJ (Brasil):
_c1987.
300 _a135 p.
490 _aRelatorio - Universidade Federal Rural do Rio de Janeiro (Brazil)
_v
_x
650 _aEDUCACAO
650 _aENSINO
650 _aCURSO
650 _aADMINISTRACAO
650 _aRECEITA
650 _aUNIVERSIDADE
650 _aRIO DE JANEIRO
909 _a202312
_bLúcia Elande
_c55
_dLúcia Elande
942 _2AGRIS
_n0
_cMS
999 _c282372
_d282372